Text book for auditing

Na minha lista:
Detalhes bibliográficos
Autor principal: Ajowi Elias
Formato: Livro
Publicado em: Nairobi : LawAfrica publishing, c2005.
Assuntos:
Tags: Adicionar Tag
Sem tags, seja o primeiro a adicionar uma tag!

MARC

LEADER 00000nam a2200000 4500
020 |a 9966703489  |c TZS 15,891.6/= 
040 |a MUL  |b eng.  |e AACR 
082 |a 657.45 AJO 
100 |a Ajowi Elias 
245 |a Text book for auditing  |c / Elias Ajowi  
260 |a Nairobi :  |b LawAfrica publishing,  |c c2005. 
300 |a ii, 300 p. :  |b ill. ;  |c 21 cm. 
546 |a eng. 
650 |a Auditing  
942 |c BK 
999 |c 3824  |d 3824